000 00311nam a2200121Ia 4500
008 220120s9999||||xx |||||||||||||| ||und||
082 _a004.67 CAU
100 _aCausey, James, F
_911721
245 0 _aSam`s tech yourself MCSE TCP/IP
260 _aTech max publications
_c1998
300 _b0
650 _aCIRCUIT
999 _c136949
_d136949